Southville International School and Colleges
Your cart is empty.
  • Cart
  • Lists
    Public lists Eva Luna New books Lux_list list_1
    Your lists Log in to create your own lists
  • Log in to your account
  • Your cookies
  • Search history
Southville International School and Colleges
  • Advanced search
  • Recent comments
  • Most popular
  • Libraries

Log in to your account

Log in with GOOGLE


If you do not have an external account, but do have a local account, you can still log in:

  1. Home
  2. MARC view: Peter Pan.
Normal view MARC view ISBD view

Peter Pan. (Record no. 113882)

[ view plain ]
MARC details
000 -LEADER
fixed length control field 00501nam a2200193 a 4500
001 - CONTROL NUMBER
control field 0156
005 - DATE AND TIME OF LATEST TRANSACTION
control field 20140414132042.0
008 - FIXED-LENGTH DATA ELEMENTS--GENERAL INFORMATION
fixed length control field 040804s19uu xx 00 eng d
020 ## - INTERNATIONAL STANDARD BOOK NUMBER
International Standard Book Number 962-578-064-5
050 ## - LIBRARY OF CONGRESS CALL NUMBER
Classification number BB
Item number P44 1991
245 ## - TITLE STATEMENT
Title Peter Pan.
260 ## - PUBLICATION, DISTRIBUTION, ETC. (IMPRINT)
Place of publication, distribution, etc Montreal, Canada :
Name of publisher, distributor, etc Brimar Publishing,
Date of publication, distribution, etc 1991.
300 ## - PHYSICAL DESCRIPTION
Extent 16 p. : ill. ; cm.
440 ## - SERIES STATEMENT/ADDED ENTRY--TITLE
Title The Walt Disney Treasure Chest
650 ## - SUBJECT ADDED ENTRY--TOPICAL TERM
Topical term or geographic name as entry element Adventures
General subdivision Fiction.
650 ## - SUBJECT ADDED ENTRY--TOPICAL TERM
Topical term or geographic name as entry element Children stories.
Holdings
Withdrawn status Lost status Damaged status Use restrictions Home library Current library Shelving location Date acquired Source of acquisition Total Checkouts Full call number Barcode Date last seen Price effective from Koha item type
        Munich Library Munich Library Big Books Section 08/04/2004     BB P44 1991 M5539 04/14/2014 04/14/2014 Books
        Munich Library Munich Library Big Books Section 03/23/2011     BB P44 1991 M5532 04/14/2014 04/14/2014 Books

Peter Pan.

APA

(1991). Peter Pan. Montreal, Canada: Brimar Publishing.

Chicago

1991. Peter Pan. Montreal, Canada: Brimar Publishing.

Harvard

(1991). Peter Pan. Montreal, Canada: Brimar Publishing.

MLA

Peter Pan. Montreal, Canada: Brimar Publishing. 1991.

  • Place hold
  • Print
  • Cite
  • Add to your cart (remove)
  • Save record
    BIBTEX Dublin Core MARCXML MARC (non-Unicode/MARC-8) MARC (Unicode/UTF-8) MARC (Unicode/UTF-8, Standard) MODS (XML) RIS
  • More searches
    Search for this title in:
    Other Libraries (WorldCat) Other Databases (Google Scholar) Online Stores (Bookfinder.com) Open Library (openlibrary.org)

Exporting to Dublin Core...

SOUTHVILLE LIBRARY

Southville International School and Colleges Library

1281 Tropical Ave. Cor. Luxembourg St., BF Homes International, Las Pinas City

Tel. No. 8256374 / 252358 Loc. 117/146

Powered by Koha